365 views of Mt. Fuji : algorithms of the floating world /

Bibliographic Details
Main Author: Shimoda, Todd A.
Other Authors: Shimoda, L. J. C.
Format: Book
Language:English
Published: Berkeley, CA : Stone Bridge Press, [1998]
Subjects:

MARC

Tag First Indicator Second Indicator Subfields
LEADER 00000cam a2200000 a 4500
001 in00001473813
005 20151021055454.0
008 980828s1998 caua 000 1 eng d
020 |a 1880656353 
035 |a (OCoLC)39760948 
035 |9 AJF3820AM 
040 |a CGP  |c CGP  |d TXA  |d UtOrBLW 
043 |a a-ja--- 
049 |a TXAM 
090 |a PS3569.H4915  |b A615 1998 
100 1 |a Shimoda, Todd A. 
245 1 0 |a 365 views of Mt. Fuji :  |b algorithms of the floating world /  |c Todd Shimoda ; illustrations by L.J.C. Shimoda. 
264 1 |a Berkeley, CA :  |b Stone Bridge Press,  |c [1998] 
264 4 |c ©1998 
300 |a xiii, 356 pages :  |b illustrations ;  |c 23 cm. 
336 |a text  |b txt  |2 rdacontent 
337 |a unmediated  |b n  |2 rdamedia 
338 |a volume  |b nc  |2 rdacarrier 
650 0 |a Art museum curators  |z Japan  |v Fiction. 
650 0 |a Fuji, Mount (Japan) in art  |v Fiction. 
650 0 |a Families  |z Japan  |v Fiction. 
700 1 |a Shimoda, L. J. C. 
948 |a c:kh 
999 |a MARS 
999 f f |s 916fc059-07f1-349b-91d8-d176d594c8d6  |i b5dc759d-c15d-3eff-bfd2-cb3dc2337fb5  |t 0 
952 f f |p ric  |a Texas A&M University  |b Rellis Campus  |c Joint Library Facility  |d Remote Storage  |t 0  |e PS3569.H4915 A615 1998  |h Library of Congress classification  |i unmediated -- volume  |m A14825056340 
998 f f |a PS3569.H4915 A615 1998  |t 0  |l Remote Storage